<?xml version="1.0" encoding="UTF-8"?>
<record
    xmlns:xsi="http://www.w3.org/2001/XMLSchema-instance"
    xsi:schemaLocation="http://www.loc.gov/MARC21/slim http://www.loc.gov/standards/marcxml/schema/MARC21slim.xsd"
    xmlns="http://www.loc.gov/MARC21/slim">

  <leader>008830am a2200253 004500</leader>
  <controlfield tag="003">EG-GiCUC</controlfield>
  <controlfield tag="008">070123s1992    ua     f      000 0 ara d</controlfield>
  <datafield tag="020" ind1=" " ind2=" ">
    <subfield code="a">97757898345</subfield>
  </datafield>
  <datafield tag="040" ind1=" " ind2=" ">
    <subfield code="a">EG-GiCUC</subfield>
    <subfield code="b">ara</subfield>
    <subfield code="c">EG-GiCUC</subfield>
  </datafield>
  <datafield tag="050" ind1=" " ind2="4">
    <subfield code="a">PJ7545</subfield>
    <subfield code="b">N2 1992</subfield>
  </datafield>
  <datafield tag="092" ind1="0" ind2="4">
    <subfield code="a">811.1</subfield>
    <subfield code="b">N162</subfield>
    <subfield code="2">21</subfield>
  </datafield>
  <datafield tag="099" ind1=" " ind2=" ">
    <subfield code="a">04</subfield>
    <subfield code="a">811.1 N162</subfield>
  </datafield>
  <datafield tag="100" ind1="1" ind2=" ">
    <subfield code="a">&#x627;&#x644;&#x646;&#x62C;&#x627;&#x631; : &#x627;&#x62D;&#x645;&#x62F; &#x645;&#x62D;&#x645;&#x62F;</subfield>
  </datafield>
  <datafield tag="245" ind1="1" ind2="0">
    <subfield code="a">&#x627;&#x633;&#x627;&#x644;&#x64A;&#x628; &#x627;&#x644;&#x635;&#x646;&#x627;&#x639;&#x629; &#x641;&#x649; &#x627;&#x644;&#x634;&#x639;&#x631; &#x627;&#x644;&#x62C;&#x627;&#x647;&#x644;&#x649; / </subfield>
    <subfield code="c">&#x627;&#x62D;&#x645;&#x62F; &#x645;&#x62D;&#x645;&#x62F; &#x627;&#x644;&#x646;&#x62C;&#x627;&#x631;</subfield>
  </datafield>
  <datafield tag="250" ind1=" " ind2=" ">
    <subfield code="a">&#x637;1</subfield>
  </datafield>
  <datafield tag="260" ind1=" " ind2=" ">
    <subfield code="a">&#x627;&#x644;&#x642;&#x627;&#x647;&#x631;&#x629; : </subfield>
    <subfield code="b">&#x627;&#x644;&#x635;&#x62F;&#x631; &#x644;&#x62E;&#x62F;&#x645;&#x627;&#x62A; &#x627;&#x644;&#x637;&#x628;&#x627;&#x639;&#x629; : </subfield>
    <subfield code="c">1992</subfield>
  </datafield>
  <datafield tag="300" ind1=" " ind2=" ">
    <subfield code="a">425&#x635; &#x61B; </subfield>
    <subfield code="c">24&#x633;&#x645;</subfield>
  </datafield>
  <datafield tag="504" ind1=" " ind2=" ">
    <subfield code="a">&#x64A;&#x634;&#x62A;&#x645;&#x644; &#x639;&#x644;&#x649; &#x627;&#x631;&#x62C;&#x627;&#x639;&#x627;&#x62A; &#x628;&#x628;&#x644;&#x64A;&#x648;&#x62C;&#x631;&#x627;&#x641;&#x64A;&#x629; (&#x635;429-431)</subfield>
  </datafield>
  <datafield tag="650" ind1=" " ind2="7">
    <subfield code="a">&#x627;&#x644;&#x634;&#x639;&#x631; &#x627;&#x644;&#x639;&#x631;&#x628;&#x649;</subfield>
    <subfield code="x">&#x62A;&#x627;&#x631;&#x64A;&#x62E;</subfield>
    <subfield code="y">&#x627;&#x644;&#x639;&#x635;&#x631; &#x627;&#x644;&#x62C;&#x627;&#x647;&#x644;&#x649;</subfield>
    <subfield code="2">qrmak</subfield>
  </datafield>
  <datafield tag="902" ind1=" " ind2=" ">
    <subfield code="a">2</subfield>
  </datafield>
  <datafield tag="905" ind1=" " ind2=" ">
    <subfield code="a">&#x627;&#x628;&#x631;&#x627;&#x647;&#x64A;&#x645;</subfield>
    <subfield code="e">&#x645;&#x62F;&#x62E;&#x644;</subfield>
  </datafield>
  <datafield tag="905" ind1=" " ind2=" ">
    <subfield code="a">&#x627;&#x64A;&#x645;&#x627;&#x646; &#x639;</subfield>
    <subfield code="e">&#x645;&#x631;&#x627;&#x62C;&#x639;</subfield>
  </datafield>
  <datafield tag="942" ind1=" " ind2=" ">
    <subfield code="2">ddc</subfield>
    <subfield code="c">BK</subfield>
  </datafield>
  <datafield tag="999" ind1=" " ind2=" ">
    <subfield code="c">91698</subfield>
    <subfield code="d">91698</subfield>
  </datafield>
  <datafield tag="952" ind1=" " ind2=" ">
    <subfield code="2">ddc</subfield>
    <subfield code="7">0</subfield>
    <subfield code="a">CUCL</subfield>
    <subfield code="b">cl222</subfield>
    <subfield code="d">2024-02-11</subfield>
    <subfield code="o">811.1 N162</subfield>
    <subfield code="p">01000100102493000</subfield>
    <subfield code="r">2023-09-22 00:00:00</subfield>
    <subfield code="t">C.1</subfield>
    <subfield code="y">BK</subfield>
  </datafield>
  <datafield tag="952" ind1=" " ind2=" ">
    <subfield code="2">ddc</subfield>
    <subfield code="7">0</subfield>
    <subfield code="a">CUCL</subfield>
    <subfield code="b">cl222</subfield>
    <subfield code="d">2024-02-11</subfield>
    <subfield code="o">811.1 N162</subfield>
    <subfield code="p">01000100102494000</subfield>
    <subfield code="r">2023-09-22 00:00:00</subfield>
    <subfield code="t">C.2</subfield>
    <subfield code="y">BK</subfield>
  </datafield>
</record>
